| 000 | 00799cam a2200265 a 4500 | ||
|---|---|---|---|
| 008 | |||
| 020 | _a0632002859 (pbk.) | ||
| 049 | _aMAIN | ||
| 090 |
_aQL751 _bBEH |
||
| 245 | 0 | 0 |
_aBehavioural ecology : _ban evolutionary approach / _cedited by J.R. Krebs and N.B. Davies. |
| 260 |
_aOxford : _bBlackwell Scientific Publications, _c1978. |
||
| 300 |
_axi, 494 p. : _bill. ; _c24 cm. |
||
| 500 | _aIncludes index. | ||
| 504 | _aIncludes bibliographical references. | ||
| 650 | 0 | _aAnimals habits and behaviorof. | |
| 650 | 0 | _aEcology. | |
| 650 | 0 | _aEvolution. | |
| 700 | 1 | _aKrebs, J.R. | |
| 700 | 1 | _aDavies, N.B. | |
| 907 |
_a.b10208409 _b16-11-15 _c01-08-06 |
||
| 003 | |||
| 005 | 20230123122156.0 | ||
| 040 | _cNUST | ||
| 942 |
_cBOOKS _kQL751 _mBEH |
||
| 999 |
_c129116 _d129116 |
||